[Event "2012"]
[Site "Pyhajarve"]
[Date "2012.11.25"]
[Round "10.4"]
[White "KULAOTS, Kaido"]
[Black "OTSMANN, Villu"]
[Result "1-0"]
[LiveChessVersion "1.3.1"]
[BlackElo "1800"]
[WhiteElo "2537"]

1. e4 {[%clk 0:01:59]} e5 {[%clk 0:17:59]} 2. Nf3 {[%clk 0:01:58]} Nf6
{[%clk 0:17:58]} 3. Nxe5 {[%clk 0:01:57]} d6 {[%clk 0:17:58]} 4. Nf3
{[%clk 0:01:56]} Nxe4 5. d4 d5 {[%clk 0:17:55]} 6. Bd3 {[%clk 0:01:55]} Nc6 7.
O-O Be7 8. c4 Nb4 {[%clk 0:17:50]} 9. Be2 {[%clk 0:01:52]} O-O 10. Nc3 Bf5 11. a3
Nxc3 {[%clk 0:17:29]} 12. bxc3 {[%clk 0:01:49]} Nc6 {[%clk 0:17:26]} 13. Re1
{[%clk 0:01:49]} Re8 {[%clk 0:17:25]} 14. Bf4 {[%clk 0:01:47]} Rc8
{[%clk 0:17:21]} 15. cxd5 {[%clk 0:01:45]} Qxd5 {[%clk 0:17:19]} 16. h3
{[%clk 0:01:44]} Qe4 {[%clk 0:16:55]} 17. Bg3 {[%clk 0:01:39]} Qc2
{[%clk 0:16:25]} 18. Bb5 {[%clk 0:01:38]} Qxd1 19. Raxd1 Bxa3 {[%clk 0:15:40]}
20. Rxe8+ {[%clk 0:01:35]} Rxe8 {[%clk 0:15:38]} 21. d5 {[%clk 0:01:35]} a6
{[%clk 0:15:14]} 22. dxc6 {[%clk 0:01:33]} axb5 {[%clk 0:15:11]} 23. cxb7
{[%clk 0:01:32]} Rb8 {[%clk 0:15:01]} 24. Bxc7 {[%clk 0:01:30]} 1-0

[Event "2012"]
[Site "Pyhajarve"]
[Date "2012.11.25"]
[Round "10.5"]
[White "PUUSEPP, Kaimar"]
[Black "VOLODIN, Aleksandr"]
[Result "0-1"]
[LiveChessVersion "1.3.1"]
[BlackElo "2446"]
[WhiteElo "2273"]

1. Nf3 {[%clk 0:13:58]} d5 {[%clk 0:05:59]} 2. c4 {[%clk 0:13:57]} c6
{[%clk 0:05:58]} 3. b3 {[%clk 0:13:53]} Nf6 4. Bb2 Bf5 {[%clk 0:05:55]} 5. e3
{[%clk 0:13:48]} e6 {[%clk 0:05:53]} 6. Be2 {[%clk 0:13:44]} Nbd7
{[%clk 0:05:51]} 7. O-O {[%clk 0:13:42]} h6 {[%clk 0:05:50]} 8. d4
{[%clk 0:13:32]} Bd6 {[%clk 0:05:48]} 9. Ne5 {[%clk 0:13:25]} O-O
{[%clk 0:05:41]} 10. Nd2 {[%clk 0:13:18]} Qc7 {[%clk 0:05:30]} 11. f4
{[%clk 0:12:58]} c5 {[%clk 0:05:18]} 12. Rc1 {[%clk 0:12:51]} Qb6
{[%clk 0:05:14]} 13. Kh1 {[%clk 0:12:37]} Rad8 {[%clk 0:05:00]} 14. Qe1
{[%clk 0:12:22]} Ne4 {[%clk 0:04:52]} 15. Nxe4 {[%clk 0:12:05]} Bxe4
{[%clk 0:04:51]} 16. Bf3 {[%clk 0:11:51]} Bxf3 {[%clk 0:04:21]} 17. Rxf3
{[%clk 0:11:41]} Nf6 {[%clk 0:04:16]} 18. f5 {[%clk 0:11:07]} exf5
{[%clk 0:04:03]} 19. Rxf5 {[%clk 0:11:02]} Bxe5 {[%clk 0:03:59]} 20. dxe5
{[%clk 0:10:49]} Ne4 {[%clk 0:03:54]} 21. cxd5 {[%clk 0:10:32]} Rxd5
{[%clk 0:03:53]} 22. Qh4 {[%clk 0:10:03]} Ng5 {[%clk 0:03:51]} 23. Qc4
{[%clk 0:09:08]} Qe6 {[%clk 0:03:27]} 24. e4 {[%clk 0:08:53]} Rd2
{[%clk 0:03:26]} 25. Qxe6 {[%clk 0:08:03]} Nxe6 {[%clk 0:03:25]} 26. Rb1
{[%clk 0:07:27]} Rfd8 {[%clk 0:03:20]} 27. Rff1 {[%clk 0:07:02]} Re2
{[%clk 0:03:17]} 28. Rfe1 {[%clk 0:06:35]} Rdd2 {[%clk 0:03:16]} 29. Rxe2
{[%clk 0:06:34]} Rxe2 {[%clk 0:03:15]} 30. a4 Rxe4 {[%clk 0:03:12]} 31. Rd1
{[%clk 0:06:21]} Rb4 {[%clk 0:03:06]} 0-1

[Event "2012"]
[Site "Pyhajarve"]
[Date "2012.11.25"]
[Round "10.6"]
[White "VIHMAND, Ants"]
[Black "VOROBJOV, Pavel"]
[Result "0-1"]
[LiveChessVersion "1.3.1"]
[BlackElo "2206"]
[WhiteElo "2176"]

1. e4 {[%clk 0:11:58]} c5 {[%clk 0:07:58]} 2. d4 {[%clk 0:11:56]} cxd4
{[%clk 0:07:53]} 3. c3 {[%clk 0:11:56]} Nf6 {[%clk 0:07:49]} 4. e5
{[%clk 0:11:55]} Nd5 {[%clk 0:07:47]} 5. Nf3 {[%clk 0:11:54]} Nc6
{[%clk 0:07:44]} 6. Bc4 {[%clk 0:11:53]} Nb6 7. Bb3 d5 {[%clk 0:07:33]} 8. cxd4
{[%clk 0:11:51]} Bg4 {[%clk 0:07:25]} 9. Be3 {[%clk 0:11:49]} e6 {[%clk 0:07:17]}
10. O-O {[%clk 0:11:47]} Be7 {[%clk 0:07:10]} 11. a3 {[%clk 0:11:21]} Bh5
{[%clk 0:06:49]} 12. Nbd2 {[%clk 0:11:16]} O-O {[%clk 0:06:44]} 13. h3
{[%clk 0:10:48]} Rc8 {[%clk 0:06:42]} 14. Qe2 {[%clk 0:10:09]} Na5
{[%clk 0:06:33]} 15. Qb5 {[%clk 0:09:38]} Nxb3 16. Qxb3 Qd7 {[%clk 0:06:07]} 17.
Rac1 {[%clk 0:09:35]} h6 {[%clk 0:05:56]} 18. Nh2 {[%clk 0:08:07]} Qa4
{[%clk 0:05:43]} 19. Rfe1 {[%clk 0:06:42]} Qxb3 {[%clk 0:05:27]} 20. Nxb3
{[%clk 0:06:41]} Nc4 {[%clk 0:05:24]} 21. g4 {[%clk 0:05:59]} Bg6
{[%clk 0:05:20]} 22. a4 {[%clk 0:04:16]} Nxb2 {[%clk 0:05:16]} 23. a5
{[%clk 0:04:07]} Nd3 {[%clk 0:05:07]} 24. Rxc8 {[%clk 0:04:04]} Rxc8
{[%clk 0:05:06]} 25. Ra1 {[%clk 0:03:58]} Rc3 {[%clk 0:04:47]} 26. Nd2
{[%clk 0:03:53]} Ra3 {[%clk 0:04:34]} 27. Rxa3 {[%clk 0:03:51]} Bxa3
{[%clk 0:04:33]} 28. Nb3 {[%clk 0:03:21]} b6 {[%clk 0:04:20]} 29. axb6 axb6 30.
Nf1 {[%clk 0:03:06]} Ne1 {[%clk 0:04:04]} 31. Nfd2 {[%clk 0:02:59]} Nc2
{[%clk 0:03:56]} 32. Nb1 {[%clk 0:02:30]} Bb2 {[%clk 0:03:51]} 33. N1d2
{[%clk 0:02:27]} Bd3 {[%clk 0:03:40]} 34. h4 {[%clk 0:01:58]} Kf8
{[%clk 0:03:38]} 35. g5 {[%clk 0:01:57]} hxg5 {[%clk 0:03:35]} 36. hxg5
{[%clk 0:01:51]} Ke7 {[%clk 0:03:30]} 37. Nf3 {[%clk 0:01:18]} Bc4
{[%clk 0:03:18]} 38. Nbd2 {[%clk 0:01:16]} g6 {[%clk 0:02:53]} 39. Nxc4
{[%clk 0:01:01]} dxc4 {[%clk 0:02:51]} 40. d5 {[%clk 0:01:00]} Nxe3
{[%clk 0:02:36]} 41. d6+ {[%clk 0:00:59]} Kd7 {[%clk 0:02:35]} 42. fxe3
{[%clk 0:00:57]} c3 {[%clk 0:02:17]} 43. Nd4 {[%clk 0:00:55]} c2 {[%clk 0:02:11]}
44. Nxc2 {[%clk 0:00:54]} Bxe5 {[%clk 0:02:10]} 45. Kf2 {[%clk 0:00:52]} Bxd6
{[%clk 0:02:05]} 46. Ke2 {[%clk 0:00:50]} Be7 {[%clk 0:02:03]} 47. Kd3
{[%clk 0:00:49]} Bxg5 48. Kc4 Kc6 {[%clk 0:01:55]} 49. e4 {[%clk 0:00:48]} Bf6
{[%clk 0:01:49]} 50. Nb4+ {[%clk 0:00:47]} Kc7 {[%clk 0:01:45]} 51. Kb5
{[%clk 0:00:47]} Bd4 {[%clk 0:01:41]} 52. Nc2 {[%clk 0:00:45]} Bc5 53. Ne1 f5
{[%clk 0:01:37]} 54. Nf3 {[%clk 0:00:44]} fxe4 {[%clk 0:01:33]} 55. Ng5
{[%clk 0:00:38]} e3 {[%clk 0:01:30]} 56. Nxe6+ {[%clk 0:00:37]} Kd6
{[%clk 0:01:29]} 57. Nf4 {[%clk 0:00:37]} g5 {[%clk 0:01:27]} 58. Ne2
{[%clk 0:00:36]} Kd5 {[%clk 0:01:24]} 59. Nc3+ {[%clk 0:00:34]} Kd4 60. Ne2+ Kd3
{[%clk 0:01:20]} 61. Ng3 {[%clk 0:00:33]} Kd2 {[%clk 0:01:18]} 62. Ne4+
{[%clk 0:00:32]} Ke1 {[%clk 0:01:14]} 63. Nxg5 {[%clk 0:00:31]} e2
{[%clk 0:01:13]} 64. Nf3+ {[%clk 0:00:30]} Kf2 {[%clk 0:01:12]} 65. Ne5
{[%clk 0:00:27]} e1=Q {[%clk 0:01:07]} 66. Nd3+ {[%clk 0:00:26]} Ke2
{[%clk 0:01:06]} 67. Nxe1 {[%clk 0:00:25]} Kxe1 {[%clk 0:01:05]} 68. Kc4
{[%clk 0:00:25]} Ke2 {[%clk 0:01:04]} 0-1

[Event "2012"]
[Site "Pyhajarve"]
[Date "2012.11.25"]
[Round "11.1"]
[White "HAAVAMAE, Henrik"]
[Black "SHORT, Nigel"]
[Result "0-1"]
[LiveChessVersion "1.3.1"]
[BlackElo "2702"]
[WhiteElo "1902"]

1. e4 e6 2. d4 {[%clk 0:15:58]} d5 {[%clk 0:03:59]} 3. Nc3 {[%clk 0:15:57]} Nf6
{[%clk 0:03:58]} 4. Bg5 {[%clk 0:15:55]} dxe4 {[%clk 0:03:56]} 5. Nxe4 Be7 6.
Bxf6 {[%clk 0:15:47]} gxf6 {[%clk 0:03:54]} 7. g3 {[%clk 0:14:55]} f5
{[%clk 0:03:51]} 8. Nc3 {[%clk 0:14:40]} Bf6 {[%clk 0:03:50]} 9. Nf3
{[%clk 0:13:50]} Nc6 {[%clk 0:03:49]} 10. Ne2 {[%clk 0:13:14]} b6
{[%clk 0:03:48]} 11. Bg2 Bb7 12. O-O {[%clk 0:13:06]} Qd6 {[%clk 0:03:32]} 13.
Re1 {[%clk 0:12:34]} O-O-O {[%clk 0:03:30]} 14. c3 {[%clk 0:12:16]} h5
{[%clk 0:03:28]} 15. h4 {[%clk 0:10:47]} Ne7 {[%clk 0:03:27]} 16. Nf4
{[%clk 0:10:12]} Nd5 {[%clk 0:03:26]} 17. Nxd5 {[%clk 0:09:24]} Bxd5
{[%clk 0:03:18]} 18. Ne5 {[%clk 0:08:34]} Bxg2 {[%clk 0:03:16]} 19. Kxg2
{[%clk 0:08:30]} Bxe5 {[%clk 0:03:14]} 20. dxe5 {[%clk 0:07:47]} Qxd1
{[%clk 0:02:59]} 21. Raxd1 {[%clk 0:07:42]} Rhg8 {[%clk 0:02:58]} 22. Kf3
{[%clk 0:07:25]} Rg4 {[%clk 0:02:50]} 23. Rxd8+ {[%clk 0:07:13]} Kxd8
{[%clk 0:02:49]} 24. Rd1+ {[%clk 0:07:12]} Ke7 {[%clk 0:02:49]} 25. b3
{[%clk 0:06:12]} Re4 {[%clk 0:02:44]} 26. Rd4 {[%clk 0:05:52]} Rxe5
{[%clk 0:02:43]} 27. Kf4 {[%clk 0:05:40]} Re2 {[%clk 0:02:38]} 28. Kg5
{[%clk 0:05:34]} Rxf2 {[%clk 0:02:36]} 29. Kxh5 {[%clk 0:05:32]} Rxa2
{[%clk 0:02:33]} 30. Kh6 {[%clk 0:05:25]} Rg2 {[%clk 0:02:28]} 31. Rd3
{[%clk 0:05:03]} Kf6 {[%clk 0:02:24]} 32. h5 {[%clk 0:04:53]} c5 {[%clk 0:02:22]}
33. Kh7 {[%clk 0:04:50]} Rh2 {[%clk 0:02:19]} 34. h6 {[%clk 0:04:08]} Kg5
{[%clk 0:02:18]} 35. Kg7 {[%clk 0:03:53]} Rxh6 {[%clk 0:02:17]} 36. Kxf7
{[%clk 0:03:49]} e5 {[%clk 0:02:16]} 0-1

[Event "2012"]
[Site "Pyhajarve"]
[Date "2012.11.25"]
[Round "11.3"]
[White "MIEZIS, Normunds"]
[Black "JARVET, Jyri"]
[Result "1/2-1/2"]
[LiveChessVersion "1.3.1"]
[BlackElo "2056"]
[WhiteElo "2512"]

1. c4 {[%clk 0:03:58]} e6 {[%clk 0:15:59]} 2. e4 {[%clk 0:03:56]} d5
{[%clk 0:15:58]} 3. exd5 {[%clk 0:03:54]} exd5 {[%clk 0:15:57]} 4. d4
{[%clk 0:03:51]} Nf6 {[%clk 0:15:56]} 5. Nc3 {[%clk 0:03:49]} Be7
{[%clk 0:15:52]} 6. Nf3 {[%clk 0:03:47]} O-O {[%clk 0:15:50]} 7. Be2
{[%clk 0:03:45]} Nc6 {[%clk 0:15:49]} 8. O-O {[%clk 0:03:41]} Be6
{[%clk 0:15:47]} 9. cxd5 {[%clk 0:03:36]} Nxd5 {[%clk 0:15:45]} 10. Re1
{[%clk 0:03:33]} a6 {[%clk 0:15:42]} 11. h3 {[%clk 0:03:31]} h6 {[%clk 0:15:19]}
12. Bd3 {[%clk 0:03:24]} Bf6 {[%clk 0:14:53]} 13. Bb1 {[%clk 0:03:15]} Nde7
{[%clk 0:14:15]} 14. Rxe6 {[%clk 0:02:34]} fxe6 {[%clk 0:14:14]} 15. Qd3
{[%clk 0:02:31]} Nxd4 {[%clk 0:11:13]} 16. Qh7+ Kf7 17. Nxd4 {[%clk 0:02:15]}
Qxd4 {[%clk 0:11:01]} 18. Be3 {[%clk 0:02:10]} Qe5 {[%clk 0:10:28]} 19. g4
{[%clk 0:02:05]} Rh8 {[%clk 0:09:36]} 20. Qc2 {[%clk 0:02:02]} h5
{[%clk 0:09:03]} 21. Qe2 {[%clk 0:01:52]} hxg4 {[%clk 0:08:28]} 22. Qxg4
{[%clk 0:01:50]} Rh4 {[%clk 0:08:20]} 23. Qg3 {[%clk 0:01:35]} Rah8
{[%clk 0:07:34]} 24. Qxe5 {[%clk 0:01:29]} Bxe5 {[%clk 0:07:33]} 1/2-1/2

[Event "2012"]
[Site "Pyhajarve"]
[Date "2012.11.25"]
[Round "11.4"]
[White "VOROBJOV, Pavel"]
[Black "KULAOTS, Kaido"]
[Result "0-1"]
[LiveChessVersion "1.3.1"]
[BlackElo "2537"]
[WhiteElo "2206"]

1. d4 {[%clk 0:11:57]} Nf6 {[%clk 0:07:57]} 2. c4 {[%clk 0:11:56]} e6
{[%clk 0:07:56]} 3. Nc3 {[%clk 0:11:52]} Bb4 {[%clk 0:07:55]} 4. e3
{[%clk 0:11:43]} O-O {[%clk 0:07:53]} 5. Bd3 {[%clk 0:11:41]} d5 {[%clk 0:07:52]}
6. a3 {[%clk 0:11:23]} Bxc3+ {[%clk 0:07:48]} 7. bxc3 {[%clk 0:11:21]} dxc4
{[%clk 0:07:46]} 8. Bxc4 {[%clk 0:11:20]} c5 {[%clk 0:07:45]} 9. Nf3
{[%clk 0:11:10]} Nc6 {[%clk 0:07:41]} 10. O-O {[%clk 0:11:01]} Qc7
{[%clk 0:07:40]} 11. Bd3 {[%clk 0:10:36]} e5 {[%clk 0:07:26]} 12. d5
{[%clk 0:10:14]} e4 {[%clk 0:06:29]} 13. Bxe4 {[%clk 0:09:39]} Nxe4
{[%clk 0:06:25]} 14. dxc6 {[%clk 0:09:36]} Qxc6 {[%clk 0:06:12]} 15. c4
{[%clk 0:09:07]} Qf6 {[%clk 0:05:49]} 16. Rb1 {[%clk 0:08:30]} Bg4
{[%clk 0:05:37]} 17. Bb2 {[%clk 0:08:11]} Qe6 {[%clk 0:05:08]} 18. Qc2
{[%clk 0:07:35]} Bxf3 {[%clk 0:04:55]} 19. gxf3 {[%clk 0:07:34]} Ng5
{[%clk 0:04:54]} 20. Qc3 {[%clk 0:05:57]} f6 {[%clk 0:04:48]} 21. Kh1
{[%clk 0:05:37]} Nxf3 {[%clk 0:04:40]} 22. Rg1 {[%clk 0:05:31]} Nxg1
{[%clk 0:04:32]} 23. Rxg1 {[%clk 0:05:30]} Qe4+ {[%clk 0:04:24]} 24. Rg2
{[%clk 0:05:28]} Rad8 {[%clk 0:04:22]} 25. h3 {[%clk 0:05:11]} Rd1+
{[%clk 0:04:14]} 26. Kh2 {[%clk 0:05:10]} Qd3 {[%clk 0:03:50]} 27. Qa5
{[%clk 0:04:58]} Qd6+ {[%clk 0:03:38]} 28. f4 {[%clk 0:04:57]} Rd3
{[%clk 0:03:23]} 29. Qe1 {[%clk 0:04:38]} Rd8 {[%clk 0:03:05]} 30. Qg3
{[%clk 0:04:31]} Qe7 {[%clk 0:03:03]} 31. Bc1 {[%clk 0:04:06]} Rd1
{[%clk 0:02:58]} 32. Rc2 {[%clk 0:03:33]} Qe4 {[%clk 0:02:47]} 33. Rg2
{[%clk 0:03:32]} R8d7 {[%clk 0:02:37]} 34. Qg4 {[%clk 0:03:11]} f5
{[%clk 0:02:32]} 0-1

[Event "2012"]
[Site "Pyhajarve"]
[Date "2012.11.25"]
[Round "11.6"]
[White "LIIVA, Riho"]
[Black "SCHULS, Olev"]
[Result "1/2-1/2"]
[LiveChessVersion "1.3.1"]
[BlackElo "2224"]
[WhiteElo "2451"]

1. e4 {[%clk 0:05:59]} c5 {[%clk 0:14:00]} 2. c3 {[%clk 0:05:55]} d6
{[%clk 0:13:59]} 3. d4 {[%clk 0:05:53]} Qc7 {[%clk 0:13:58]} 4. Bd3
{[%clk 0:05:44]} Nf6 {[%clk 0:13:57]} 5. h3 {[%clk 0:05:36]} a6 {[%clk 0:13:44]}
6. Nf3 {[%clk 0:05:33]} e6 {[%clk 0:13:37]} 7. O-O {[%clk 0:04:49]} Be7
{[%clk 0:13:35]} 8. e5 {[%clk 0:04:21]} dxe5 {[%clk 0:13:30]} 9. dxe5
{[%clk 0:04:20]} Nfd7 {[%clk 0:13:29]} 10. Bf4 {[%clk 0:04:03]} Nc6
{[%clk 0:13:28]} 11. Qe2 {[%clk 0:03:56]} b5 {[%clk 0:13:17]} 12. a4
{[%clk 0:03:10]} c4 {[%clk 0:12:37]} 13. Bc2 {[%clk 0:03:09]} Bb7
{[%clk 0:12:36]} 14. Na3 {[%clk 0:03:09]} Qb6 {[%clk 0:11:03]} 15. Rfd1
{[%clk 0:02:58]} Rd8 {[%clk 0:10:53]} 16. Ng5 {[%clk 0:02:31]} h6
{[%clk 0:09:39]} 17. Nxe6 {[%clk 0:02:04]} fxe6 {[%clk 0:09:22]} 18. Bg6+
{[%clk 0:02:03]} Kf8 {[%clk 0:09:15]} 19. Be3 {[%clk 0:02:03]} Qc7
{[%clk 0:08:15]} 20. Qf3+ {[%clk 0:02:02]} Nf6 {[%clk 0:07:56]} 21. exf6
{[%clk 0:01:59]} gxf6 {[%clk 0:07:49]} 22. Qh5 {[%clk 0:01:31]} Ne5
{[%clk 0:07:25]} 23. Bc2 {[%clk 0:01:12]} Kg7 {[%clk 0:06:31]} 24. Bd4
{[%clk 0:01:07]} Qc6 {[%clk 0:03:23]} 25. f3 {[%clk 0:01:06]} Nd3
{[%clk 0:03:19]} 26. axb5 {[%clk 0:01:03]} axb5 {[%clk 0:03:15]} 27. Qxb5
{[%clk 0:00:56]} Qxb5 {[%clk 0:02:20]} 28. Nxb5 {[%clk 0:00:55]} e5
{[%clk 0:02:11]} 29. Be3 {[%clk 0:00:54]} Nxb2 {[%clk 0:02:06]} 30. Rdb1
{[%clk 0:00:52]} Nd3 {[%clk 0:02:01]} 31. Ra7 {[%clk 0:00:52]} Rd7
{[%clk 0:02:00]} 32. Na3 {[%clk 0:00:51]} Bc5 {[%clk 0:01:48]} 33. Bxc5
{[%clk 0:00:47]} Nxc5 {[%clk 0:01:48]} 34. Nxc4 {[%clk 0:00:47]} Ra8
{[%clk 0:01:39]} 35. Rxa8 {[%clk 0:00:44]} Bxa8 {[%clk 0:01:39]} 36. Rd1
{[%clk 0:00:43]} Rxd1+ {[%clk 0:01:34]} 37. Bxd1 {[%clk 0:00:42]} Bd5
{[%clk 0:01:33]} 38. Ne3 {[%clk 0:00:42]} Be6 {[%clk 0:01:32]} 39. Be2
{[%clk 0:00:40]} f5 {[%clk 0:01:27]} 40. Bc4 {[%clk 0:00:40]} Kf6
{[%clk 0:01:24]} 41. Bxe6 {[%clk 0:00:38]} Kxe6 {[%clk 0:01:23]} 42. Kf1
{[%clk 0:00:37]} Na4 {[%clk 0:01:17]} 43. Nd1 {[%clk 0:00:35]} Kd5
{[%clk 0:01:15]} 44. Ke2 {[%clk 0:00:35]} f4 {[%clk 0:01:10]} 45. Kd2
{[%clk 0:00:34]} e4 {[%clk 0:01:06]} 46. fxe4+ {[%clk 0:00:33]} Kxe4
{[%clk 0:01:05]} 47. Nf2+ {[%clk 0:00:32]} Kf5 {[%clk 0:01:03]} 48. Nd3
{[%clk 0:00:31]} Nb6 {[%clk 0:00:55]} 49. Ke2 {[%clk 0:00:29]} Nc4
{[%clk 0:00:52]} 50. Nf2 {[%clk 0:00:27]} h5 {[%clk 0:00:51]} 51. Kd3
{[%clk 0:00:26]} Nb2+ {[%clk 0:00:48]} 52. Kd4 {[%clk 0:00:25]} f3
{[%clk 0:00:45]} 53. g3 {[%clk 0:00:22]} Na4 54. c4 h4 {[%clk 0:00:30]} 55. gxh4
Kf4 56. h5 {[%clk 0:00:16]} Kg3 {[%clk 0:00:29]} 57. Nd3 {[%clk 0:00:15]} Nb2
{[%clk 0:00:26]} 58. h6 {[%clk 0:00:11]} Nxd3 {[%clk 0:00:25]} 59. h7
{[%clk 0:00:11]} f2 {[%clk 0:00:24]} 60. h8=Q {[%clk 0:00:10]} f1=Q
{[%clk 0:00:23]} 61. Qg7+ {[%clk 0:00:09]} Kxh3 {[%clk 0:00:22]} 62. Qh6+
{[%clk 0:00:08]} Kg3 {[%clk 0:00:20]} 63. Qg6+ {[%clk 0:00:08]} Kh3
{[%clk 0:00:20]} 64. Qxd3+ Qxd3+ 65. Kxd3 Kg4 66. c5 Kf5 67. Kc4 Ke6 68. Kb5 Kd7
69. Kb6 Kc8 70. Kc6 Kd8 {[%clk 0:00:12]} 71. Kb7 {[%clk 0:00:06]} Ke7
{[%clk 0:00:11]} 72. c6 {[%clk 0:00:06]} Kd6 {[%clk 0:00:06]} 73. c7
{[%clk 0:00:04]} Ke5 {[%clk 0:00:06]} 74. c8=Q {[%clk 0:00:04]} Kf6
{[%clk 0:00:06]} 75. Qc4 {[%clk 0:00:04]} 1/2-1/2

[Event "2012"]
[Site "Pyhajarve"]
[Date "2012.11.25"]
[Round "12.1"]
[White "SHORT, Nigel"]
[Black "LEITO, Priit"]
[Result "1-0"]
[LiveChessVersion "1.3.1"]
[BlackElo "2333"]
[WhiteElo "2702"]

1. e4 {[%clk 0:07:59]} c5 {[%clk 0:12:00]} 2. Nf3 {[%clk 0:07:57]} e6
{[%clk 0:11:59]} 3. g3 {[%clk 0:07:55]} Nc6 {[%clk 0:11:49]} 4. Bg2
{[%clk 0:07:54]} d6 {[%clk 0:11:48]} 5. O-O {[%clk 0:07:50]} Nf6 {[%clk 0:11:47]}
6. Qe2 {[%clk 0:07:49]} Be7 {[%clk 0:11:41]} 7. c3 {[%clk 0:07:47]} O-O
{[%clk 0:10:24]} 8. d4 {[%clk 0:07:45]} cxd4 {[%clk 0:10:22]} 9. cxd4
{[%clk 0:07:43]} Bd7 {[%clk 0:09:41]} 10. Nc3 {[%clk 0:07:39]} Rc8
{[%clk 0:09:39]} 11. Rd1 {[%clk 0:07:19]} d5 {[%clk 0:09:03]} 12. e5
{[%clk 0:07:12]} Ne8 {[%clk 0:09:02]} 13. h4 {[%clk 0:07:02]} a6 {[%clk 0:08:59]}
14. Ng5 {[%clk 0:06:41]} Bxg5 {[%clk 0:07:40]} 15. hxg5 {[%clk 0:06:29]} Ne7
{[%clk 0:06:54]} 16. Qh5 {[%clk 0:05:55]} Ng6 {[%clk 0:06:53]} 17. Bf1
{[%clk 0:05:36]} Nc7 {[%clk 0:06:52]} 18. Bd3 {[%clk 0:05:29]} Be8
{[%clk 0:05:13]} 19. Be3 {[%clk 0:05:26]} Nb5 {[%clk 0:02:12]} 20. Ne2
{[%clk 0:05:23]} Na7 {[%clk 0:02:11]} 21. Rd2 {[%clk 0:03:49]} Nc6
{[%clk 0:01:49]} 22. Rc1 {[%clk 0:03:43]} Nb4 {[%clk 0:01:45]} 23. Rxc8
{[%clk 0:03:36]} Qxc8 {[%clk 0:01:45]} 24. Bb1 {[%clk 0:03:34]} Qc4
{[%clk 0:01:34]} 25. b3 {[%clk 0:03:29]} Qc7 {[%clk 0:01:27]} 26. Qh3
{[%clk 0:03:19]} Bb5 {[%clk 0:01:25]} 27. Kg2 {[%clk 0:03:09]} Rc8
{[%clk 0:01:16]} 28. a3 {[%clk 0:02:38]} Bxe2 {[%clk 0:01:15]} 29. Rxe2 Nc6 30.
Re1 {[%clk 0:02:35]} Nf8 {[%clk 0:01:02]} 31. Bxh7+ {[%clk 0:02:24]} Nxh7
{[%clk 0:01:02]} 32. Rh1 {[%clk 0:02:23]} Kf8 {[%clk 0:01:01]} 33. Qxh7 Ne7 34.
Qh8+ {[%clk 0:02:17]} Ng8 {[%clk 0:01:00]} 35. Rh7 {[%clk 0:02:16]} Qc2
{[%clk 0:00:36]} 36. Qxg7+ {[%clk 0:02:13]} 1-0

[Event "2012"]
[Site "Pyhajarve"]
[Date "2012.11.25"]
[Round "12.2"]
[White "JARVET, Jyri"]
[Black "NYBACK, Tomi"]
[Result "0-1"]
[LiveChessVersion "1.3.1"]
[BlackElo "2631"]
[WhiteElo "2056"]

1. c4 {[%clk 0:15:59]} Nf6 {[%clk 0:03:59]} 2. Nc3 {[%clk 0:15:58]} e5
{[%clk 0:03:57]} 3. Nf3 {[%clk 0:15:55]} Nc6 {[%clk 0:03:56]} 4. g3
{[%clk 0:15:51]} Bb4 {[%clk 0:03:54]} 5. Nd5 {[%clk 0:15:47]} Bc5
{[%clk 0:03:53]} 6. Bg2 {[%clk 0:15:46]} O-O {[%clk 0:03:50]} 7. O-O
{[%clk 0:15:40]} d6 {[%clk 0:03:48]} 8. e3 {[%clk 0:14:03]} Bg4 {[%clk 0:03:40]}
9. h3 {[%clk 0:13:23]} Bh5 {[%clk 0:03:38]} 10. g4 {[%clk 0:12:30]} Bg6
{[%clk 0:03:36]} 11. d4 {[%clk 0:12:21]} Bb6 {[%clk 0:03:35]} 12. Nxb6
{[%clk 0:10:27]} axb6 {[%clk 0:03:33]} 13. Nh4 {[%clk 0:10:17]} Re8
{[%clk 0:03:07]} 14. Nxg6 {[%clk 0:10:15]} hxg6 {[%clk 0:03:05]} 15. d5
{[%clk 0:09:46]} Ne7 {[%clk 0:02:55]} 16. e4 {[%clk 0:09:13]} Nh7
{[%clk 0:02:53]} 17. a4 {[%clk 0:09:01]} g5 {[%clk 0:02:51]} 18. Bd2
{[%clk 0:06:31]} Ng6 {[%clk 0:02:49]} 19. Ra3 {[%clk 0:06:09]} Nf4
{[%clk 0:02:47]} 20. Bxf4 {[%clk 0:05:47]} gxf4 {[%clk 0:02:38]} 21. f3
{[%clk 0:05:18]} g6 {[%clk 0:02:37]} 22. Qe1 {[%clk 0:05:08]} Kg7
{[%clk 0:02:34]} 23. Kf2 {[%clk 0:04:38]} Qh4+ 24. Ke2 Qxe1+ {[%clk 0:02:14]} 25.
Rxe1 {[%clk 0:04:30]} Rh8 {[%clk 0:02:13]} 26. Rh1 {[%clk 0:03:45]} Nf6
{[%clk 0:02:11]} 27. Raa1 {[%clk 0:03:35]} Nd7 {[%clk 0:02:08]} 28. b4
{[%clk 0:03:29]} f5 {[%clk 0:02:02]} 29. Kd3 {[%clk 0:02:48]} fxe4+
{[%clk 0:01:58]} 30. fxe4 {[%clk 0:02:47]} Ra7 {[%clk 0:01:52]} 31. Ra2
{[%clk 0:02:23]} Nf6 {[%clk 0:01:51]} 32. Bf3 {[%clk 0:02:21]} Nh7
{[%clk 0:01:49]} 33. h4 {[%clk 0:02:19]} Raa8 {[%clk 0:01:47]} 34. Rha1
{[%clk 0:01:47]} Nf6 {[%clk 0:01:45]} 35. Rh1 {[%clk 0:01:46]} Rac8
{[%clk 0:01:34]} 36. a5 {[%clk 0:01:45]} Ra8 {[%clk 0:01:31]} 37. h5
{[%clk 0:01:29]} bxa5 {[%clk 0:01:17]} 38. bxa5 {[%clk 0:01:27]} Ra7
{[%clk 0:01:05]} 39. hxg6 {[%clk 0:01:10]} Rxh1 {[%clk 0:01:03]} 40. Bxh1
{[%clk 0:01:10]} Nxg4 {[%clk 0:01:01]} 41. Bf3 {[%clk 0:01:04]} Nf6
{[%clk 0:01:00]} 42. Kc3 {[%clk 0:00:56]} Kxg6 {[%clk 0:00:59]} 43. Rg2+
{[%clk 0:00:53]} Kf7 {[%clk 0:00:57]} 44. Kb4 {[%clk 0:00:51]} Ra8
{[%clk 0:00:56]} 45. Kb5 {[%clk 0:00:44]} Rh8 {[%clk 0:00:54]} 46. a6
{[%clk 0:00:40]} bxa6+ {[%clk 0:00:53]} 47. Kxa6 {[%clk 0:00:40]} Rh3
{[%clk 0:00:51]} 48. Bg4 {[%clk 0:00:35]} Rg3 {[%clk 0:00:46]} 49. Be6+
{[%clk 0:00:34]} Ke7 {[%clk 0:00:45]} 50. Rh2 {[%clk 0:00:28]} Nxe4
{[%clk 0:00:42]} 51. Kb7 {[%clk 0:00:28]} Nc5+ {[%clk 0:00:41]} 52. Kc6
{[%clk 0:00:25]} Nxe6 {[%clk 0:00:39]} 53. Rh7+ {[%clk 0:00:24]} Ng7
{[%clk 0:00:38]} 0-1